Investing in affordable housing (Record no. 110453)

MARC details
000 -LEADER
fixed length control field 00956cad a22002055a 4500
001 - CONTROL NUMBER
control field E149276
008 - FIXED-LENGTH DATA ELEMENTS--GENERAL INFORMATION
fixed length control field 100216s2009 xxk f 000 0 eng d
035 ## - SYSTEM CONTROL NUMBER
System control number (Sirsi) u149276
041 0# - LANGUAGE CODE
Language code of text/sound track or separate title eng
110 2# - MAIN ENTRY--CORPORATE NAME
Corporate name or jurisdiction name as entry element Chartered Institute of Housing
9 (RLIN) 2394
245 00 - TITLE STATEMENT
Title Investing in affordable housing
Remainder of title a radical rethink?
Medium [electronic resource]
260 ## - PUBLICATION, DISTRIBUTION, ETC.
Place of publication, distribution, etc. Edinburgh
Name of publisher, distributor, etc. CIH Scotland
Date of publication, distribution, etc. 2009
520 ## - SUMMARY, ETC.
Summary, etc. A discussion paper aimed at encouraging debate on the funding of an adequate supply of new affordable housing in Scotland. The paper discusses various approaches, including those that have been tried and tested, and some that are still being devised.
521 ## - TARGET AUDIENCE NOTE
Target audience note Advanced
590 ## - LOCAL NOTE (RLIN)
Local note KA
651 #4 - SUBJECT ADDED ENTRY--GEOGRAPHIC NAME
Geographic name Scotland
Chronological subdivision 1999-
690 ## - LOCAL SUBJECT ADDED ENTRY--TOPICAL TERM (OCLC, RLIN)
Topical term or geographic name as entry element PROPERTY-RESIDENTIAL PROPERTY-DOMESTIC RESIDENTIAL PROPERTY-HOUSING
856 40 - ELECTRONIC LOCATION AND ACCESS
Uniform Resource Identifier <a href="https://www.cih.org/scotland/policy/InvestAffHousingDec09.pdf">https://www.cih.org/scotland/policy/InvestAffHousingDec09.pdf</a>
Public note View the report free of charge (pdf file) at www.cih.org...
942 ## - ADDED ENTRY ELEMENTS (KOHA)
Suppress in OPAC 0
Holdings
Withdrawn status Lost status Source of classification or shelving scheme Damaged status Not for loan Home library Current library Shelving location Date acquired Total Checkouts Full call number Barcode Date last seen Copy number Price effective from Koha item type
    Dewey Decimal Classification     Virtual Virtual Online 16/02/2010   ONLINE PUBLICATION 149276-2001 06/08/2019 1 06/08/2019 Book